header

The Southern political tradition (Record no. 196768)

MARC details
000 -LEADER
fixed length control field 01540nam a2200421Ia 4500
100 1# - MAIN ENTRY--AUTHOR NAME
Personal name Perman, Michael.
245 14 - TITLE STATEMENT
Title The Southern political tradition
260 ## - PUBLICATION, DISTRIBUTION, ETC. (IMPRINT)
Place of publication Baton Rouge :
Name of publisher Louisiana State University Press,
Year of publication c2012.
300 ## - PHYSICAL DESCRIPTION
Number of Pages x, 116 p.
490 1# - SERIES STATEMENT
Series statement Walter Lynwood Fleming lectures in southern history
650 #0 - SUBJECT ADDED ENTRY--TOPICAL TERM
Topical Term Political culture
856 40 - ELECTRONIC LOCATION AND ACCESS
Uniform Resource Identifier http://site.ebrary.com/lib/rucke/Doc?id=10553988

No items available.

© 2026 Rongo University
Contact us: librarian | system librarian | Rongo university